000 00998nam a2200277Ia 4500
003 OSt
005 20221005111524.0
006 a|||||r|||| 00| 0
007 ta
008 221004b |||||||| |||| 00| 0 hin d
020 _a8126019077 (hbk)
_cIndian Rupees 150
024 _a41019
037 _bGift, 08/01/2019,
_cTextual
040 _aCRL
_cCRL
_bhin
041 _2hin
_ahin
082 _aO152,1NNAx, P5
100 _aजोशी, राजेश, व्या.
245 0 _aनागार्जुन रचना - संचयन
246 _aNāgārjun rachanā - sanchayana
260 _aनई दिल्ली
_bसाहित्य अकादेमी भारत
_c2005
300 _a328पृ0
_ccm.
650 _a हिन्दी साहित्य
650 _aहिन्दी कविता
942 _hO152,1NNAx, P5
_cTEXL
_2cc
999 _c1022082
_d1022082